000 00515 a2200169 4500
005 20250605073305.0
020 _a0-324-11997-6
082 _aTEA. LECT 657.48 MOR
100 _aMORSE, W. J.
245 _aManagement Accounting : A Strategic Approach.
250 _a3rd Ed
260 _aAustralia,
_bThomson,
_c2003.
300 _axxi, 644p.: ill.;
_bGlossary & Index
_c28cm.
700 _aDAVIS, J. R. & HARTGRAVES, A. L.
856 _yAccess Online Book
_fAccounting
_dhttp://morse.swcollege.com
942 _2ddc
_cBKS
999 _c3177
_d3177